LEADER 00829cam2 22002531 450 001 SOBE00018455 005 20111007122114.0 100 $a20111007d1889 |||||ita|0103 ba 101 $aita 102 $aIT 200 0 $a2 210 $aFirenze$cBarbera$d1888 215 $aXVIII, 377 p.$d18 cm 461 1$1001SOBE00018448$12001 $a<>orazioni di Demostene / tradotte e illustrate da Filippo Mariotti 700 0$aDemosthenes$3AF00012552$4070$0167473 801 0$aIT$bUNISOB$c20111007$gRICA 850 $aUNISOB 852 $aUNISOB$j090$m3459 912 $aSOBE00018455 940 $aM 102 Monografia moderna SBN 941 $aM 957 $a090$b000654$i-2$fEx-libris Biblioteca Principessa di Strongoli$gNO$d3459$1bethb$2UNISOB$3UNISOB$420111007122122.0$520111007122239.0$6bethb 996 $a2$91720775 997 $aUNISOB LEADER 01249nam a2200361 i 4500 001 991001411299707536 005 20020507192958.0 008 001106s1998 uk ||| | eng 020 $a0521598389 035 $ab10843875-39ule_inst 035 $aLE01311872$9ExL 040 $aDip.to Matematica$beng 082 0 $a511.3 084 $aAMS 03-02 084 $aAMS 03C50 084 $aAMS 03C60 084 $aAMS 14P10 084 $aAMS 52-02 084 $aAMS 54-02 100 1 $aDries, Lou :$cvan den$061810 245 10$aTame topology and o-minimal structures /$cLou van den Dries 260 $aCambridge :$bCambridge University Press,$c1998 300 $ax, 180 p. :$bill. ;$c23 cm 490 0 $aLondon Mathematical Society lecture note series,$x0076-0552 ;$v248 500 $aIncludes bibliographical references and index 650 0$aOrdered algebraic structures 650 0$aTopology 907 $a.b10843875$b23-02-17$c28-06-02 912 $a991001411299707536 945 $aLE013 03-XX DRI11 (1998)$g1$i2013000122908$lle013$o-$pE0.00$q-$rl$s- $t0$u0$v0$w0$x0$y.i10954089$z28-06-02 996 $aTame topology and O-minimal structures$9374906 997 $aUNISALENTO 998 $ale013$b01-01-00$cm$da $e-$feng$guk $h0$i1